000 00786nam a2200205Ii 4500
003 JO-AjNU
008 230605s9999||||xx |||||||||||||| ||und||
040 _aJO-AjNU
_bara
_erda
_cJO-AjNU
041 _aara
050 1 4 _aBP193.I42.I2658 1996
100 3 _aالحسيني، رضي الدين أبي القاسم علي بن موسى بن جعفر بن محمد ابن طاووس,
_eauthor
_956355
245 0 0 _aالملاحم والفتن في ظهور الغائب المنتظر
250 _aط6
264 3 1 _aبيروت: مؤسسة الوفاء، 1996
300 _a223ص
336 _atext
_btxt
_2rdacontent
337 _aunmediated
_bn
_2rdamedia
338 _avolume
_bnc
_2rdacarrier
650 4 _aالمهدي المنتظر- الشيعة- عقائد الشيعة
_956356
999 _aA25190
_c28758
_d28758